<?xml version="1.0" encoding="UTF-8"?><?xml-stylesheet type="text/xsl" href="static/style.xsl"?><OAI-PMH xmlns="http://www.openarchives.org/OAI/2.0/" xmlns:xsi="http://www.w3.org/2001/XMLSchema-instance" xsi:schemaLocation="http://www.openarchives.org/OAI/2.0/ http://www.openarchives.org/OAI/2.0/OAI-PMH.xsd"><responseDate>2026-04-17T04:25:34Z</responseDate><request verb="GetRecord" identifier="oai:www.recercat.cat:2099.1/16586" metadataPrefix="marc">https://recercat.cat/oai/request</request><GetRecord><record><header><identifier>oai:recercat.cat:2099.1/16586</identifier><datestamp>2025-07-22T18:06:16Z</datestamp><setSpec>com_2072_1033</setSpec><setSpec>col_2072_452951</setSpec></header><metadata><record xmlns="http://www.loc.gov/MARC21/slim" xmlns:dcterms="http://purl.org/dc/terms/" xmlns:xsi="http://www.w3.org/2001/XMLSchema-instance" xmlns:doc="http://www.lyncode.com/xoai" xsi:schemaLocation="http://www.loc.gov/MARC21/slim http://www.loc.gov/standards/marcxml/schema/MARC21slim.xsd">
   <leader>00925njm 22002777a 4500</leader>
   <datafield ind2=" " ind1=" " tag="042">
      <subfield code="a">dc</subfield>
   </datafield>
   <datafield ind2=" " ind1=" " tag="720">
      <subfield code="a">Gastó Rodriguez, Nuria</subfield>
      <subfield code="e">author</subfield>
   </datafield>
   <datafield ind2=" " ind1=" " tag="260">
      <subfield code="c">2012-02-08</subfield>
   </datafield>
   <datafield ind2=" " ind1=" " tag="520">
      <subfield code="a">Aquets projecte neix de la necessitat de conèixer els diferents sistemes prefabricats i&#xd;
industrialitzats per a la construcció en l’edificació. Es basa en la recerca de sistemes&#xd;
que puguin dur-se a terme fàcilment en qualsevol lloc del món i amb curts terminis de&#xd;
temps. Per tal de recollir tota la informació en un document ordenat i entenedor, s’ha&#xd;
realitzat el projecte amb els diferents apartats que expliquen i desenvolupen la&#xd;
informació obtinguda.&#xd;
En primer lloc s’exposen breus nocions històriques, i l’evolució que han tingut els&#xd;
prefabricats i la industrialització en la construcció fins a l’actualitat.&#xd;
S’ha diferenciat, mitjançant les definicions de cada terme, el significat de cada concepte,&#xd;
ja que en tot moment està convivint l’element prefabricat amb els diferents sistemes&#xd;
elements industrialitzats.&#xd;
Existeixen diferents maneres de classificar la informació obtinguda de la recerca, però&#xd;
mitjançant les diferents fonts, s’ha optat per dividir en tres grans grups els sistemes&#xd;
trobats; sistemes modulars tridimensionals, sistemes prefabricats i sistemes&#xd;
industrialitzats a mode d’encofrats.&#xd;
Per a cada sistema s’han definit uns antecedents, s’ha realitzat una classificació i s’han&#xd;
definit les diverses tipologies que existeixen en el mercat. Per tal de poder veure amb&#xd;
claredat que ens aporta cadascun dels elements estudiats s’ha realitzat un quadre&#xd;
general de característiques i unes fitxes de caire més aviat il·lustratiu.&#xd;
En profunditzar en l’estudi de cada sistema s’ha enumerat i raonat les diferents&#xd;
avantatges que tenen i les possibles desavantatges de forma global per a tots ells.&#xd;
També s’ha tingut en compte la seva aportació en quan a la millora i la eficiència&#xd;
d’aquests sistemes en l’àmbit del mediambient, la sostenibilitat i la eficiència energètica.&#xd;
Un tema prou important i que també s’ha inclòs en aquest projecte és la Seguretat i&#xd;
Salut en les obres de construcció d’aquesta tipologia, s’exposa com es disminueixen els&#xd;
riscos gràcies a les característiques i el funcionament de la construcció industrialitzada i&#xd;
la utilització dels elements prefabricats.&#xd;
Per últim s’ha adjuntat el directori d’empreses les quals es dediquen a subministrar i&#xd;
realitzar alguns dels sistemes industrialitzats i elements prefabricats, i que es va utilitzar&#xd;
per les diferents entrevistes amb els tècnics i comercials de cada empresa.</subfield>
   </datafield>
   <datafield tag="653" ind2=" " ind1=" ">
      <subfield code="a">Àrees temàtiques de la UPC::Edificació::Materials de construcció::Nous materials de construcció</subfield>
   </datafield>
   <datafield tag="653" ind2=" " ind1=" ">
      <subfield code="a">Àrees temàtiques de la UPC::Edificació::Construcció sostenible</subfield>
   </datafield>
   <datafield tag="653" ind2=" " ind1=" ">
      <subfield code="a">Àrees temàtiques de la UPC::Edificació::Seguretat en la construcció</subfield>
   </datafield>
   <datafield tag="653" ind2=" " ind1=" ">
      <subfield code="a">Building materials</subfield>
   </datafield>
   <datafield tag="653" ind2=" " ind1=" ">
      <subfield code="a">Sustainable construction</subfield>
   </datafield>
   <datafield tag="653" ind2=" " ind1=" ">
      <subfield code="a">Industrial safety</subfield>
   </datafield>
   <datafield tag="653" ind2=" " ind1=" ">
      <subfield code="a">Materials de construcció</subfield>
   </datafield>
   <datafield tag="653" ind2=" " ind1=" ">
      <subfield code="a">Arquitectura sostenible -- Aspectes ambientals</subfield>
   </datafield>
   <datafield tag="653" ind2=" " ind1=" ">
      <subfield code="a">Seguretat en el treball</subfield>
   </datafield>
   <datafield ind2="0" ind1="0" tag="245">
      <subfield code="a">Sistemes prefabricats i industrialitzats per la construcció en edificació</subfield>
   </datafield>
</record></metadata></record></GetRecord></OAI-PMH>